书目信息 |
| 题名: |
人工环境学
|
|
| 作者: | 李先庭, , 石文星 主编 | |
| 分册: | ||
| 出版信息: | 北京 中国建筑工业出版社 2006.05 |
|
| 页数: | 266页 | |
| 开本: | 26cm | |
| 丛书名: | ||
| 单 册: | ||
| 中图分类: | X22 | |
| 科图分类: | ||
| 主题词: | 环境保护--huan jing bao hu--可持续发展--高等学校--教材 | |
| 电子资源: | ||
| ISBN: | 7-112-08055-X | |
| 000 | 01061nam0 2200265 450 | |
| 001 | 012007636263 | |
| 005 | 20070920161401.42 | |
| 010 | @a7-112-08055-X@dCNY25.00 | |
| 100 | @a20070820d2006 km y0chiy0120 ea | |
| 101 | 0 | @achi |
| 102 | @aCN@b110000 | |
| 105 | @aa a 000yy | |
| 200 | 1 | @a人工环境学@Aren gong huan jing xue@d= Built environment science@f李先庭, 石文星主编@Fli xian ting,shi wen xing zhu bian@zeng |
| 210 | @a北京@c中国建筑工业出版社@d2006.05 | |
| 215 | @a266页@c图@d26cm | |
| 300 | @a普通高等教育土建学科专业“十五”规划教材 高校建筑环境与设备工程专业指导委员会规划推荐教材 | |
| 320 | @a有书目 (第264-266页)。 | |
| 330 | @a本书共分四章,分别介绍了典型人工环境对象的需求参数,影响人工环境各种因素,创造不同类型人工环境的方法以及如何定量分析评价各种人工环境。 | |
| 510 | 1 | @aBuilt environment science@zeng |
| 606 | 0 | @a环境保护@Ahuan jing bao hu@x可持续发展@x高等学校@j教材 |
| 690 | @aX22@v4 | |
| 701 | 0 | @a李先庭,@Ali xian ting@f1967- @4主编 |
| 701 | 0 | @a石文星@Ashi wen xing@4主编 |
| 801 | 0 | @aCN@c20070920 |
| 905 | @dX22@eL296 | |
| 人工环境学= Built environment science/李先庭, 石文星主编.-北京:中国建筑工业出版社,2006.05 |
| 266页:图;26cm |
| 普通高等教育土建学科专业“十五”规划教材 高校建筑环境与设备工程专业指导委员会规划推荐教材 |
| ISBN 7-112-08055-X:CNY25.00 |
| 本书共分四章,分别介绍了典型人工环境对象的需求参数,影响人工环境各种因素,创造不同类型人工环境的方法以及如何定量分析评价各种人工环境。 |
| ● |
| 相关链接 |
|
|
|
正题名:人工环境学
索取号:X22/L296
 
预约/预借
| 序号 | 登录号 | 条形码 | 馆藏地/架位号 | 状态 | 备注 |
| 1 | 261316 | 202613163 | 自科库501/501自科库 64排6列1层/ [索取号:X22/L296] | 在馆 | |
| 2 | 261317 | 202613172 | 自科库501/501自科库 64排6列1层/ [索取号:X22/L296] | 在馆 | |
| 3 | 261318 | 202613181 | 期刊室512/501自科库 64排6列1层/ [索取号:X22/L296] | 在馆 |